000 00928nam a2200277Ia 4500
001 H7601
003 IT-RoPAU
008 130308s9999 xx 000 0 und d
040 _aIT-RoPAU
040 _cIT-RoPAU
041 _aITALIANO
100 _aMarchand Guy
100 _gCodice Aut. SPICS: 59044
245 _aMito di Faust e la musica nel secolo XIX (Il)
245 _bEnciclopedia della Musica - Ii - dal Secolo dei lumi Alla Rivoluzione Wagneriana
250 _a1a ed.
260 _bEinaudi/Il Sole 24 Ore
260 _c2006 [1° Ed.:2006 - Ed.Ling.Originale:2006]
300 _a"18 p. (prefazione: no ; testo: 18 [pagine: 1002-1021])"
500 _aMito di Faust Prima di Goethe. Il Faust di Goethe e L'Eterno Femminino. Lamusica e L'Impatto del Faust di Goethe. Bibliografia.
650 _aENCICLOPEDIE DI MUSICA
650 _eCodice materia Spics: 7001
942 _cBK
957 _71
999 _c85228
_d85228
999 _g1